Brazilian Diaspora - Statistics

General Stats
  • This quiz has been taken 99 times
  • The average score is 21 of 25
Answer Stats
Number Country % Correct
1,905,000 United States
100%
220,000 United Kingdom
99%
90,203 Argentina
98%
275,000 Portugal
98%
40,000 Mexico
96%
90,000 France
95%
82,500 French Guyane (France)
95%
122,400 Canada
94%
18,648 Chile
94%
138,955 Germany
94%
162,000 Italy
94%
165,000 Spain
94%
60,000 Australia
93%
206,259 Japan
91%
46,848 Uruguay
88%
245,850 Paraguay
85%
65,000 Netherlands
81%
77,000 Switzerland
80%
70,000 Ireland
78%
16,814 Sweden
78%
65,000 Belgium
76%
42,000 Bolivia
75%
30,000 Suriname
56%
15,000 Israel
52%
21,000 Lebanon
34%
No matching quizzes found
Score Distribution
Percent of People with Each Score
Percentile by Number Answered
Your Score History
You have not taken this quiz